[Event "Chigorin Memorial"]
[Site "St Petersburg"]
[Date "2015.10.03"]
[Round "1.75"]
[White "Vinod, G."]
[Black "Gubajdullin, Alexei"]
[Result "0-1"]
[WhiteElo "1990"]
[BlackElo "2359"]
[PlyCount "126"]
[EventDate "2015.10.03"]
[EventType "swiss"]
[EventRounds "9"]
[EventCountry "RUS"]

1. d4 g6 2. Bf4 Bg7 3. Nf3 c5 4. c3 cxd4 5. cxd4 Qb6 6. Qb3 Qxb3 7. axb3 Nc6 8.
e3 Nb4 9. Na3 Nf6 10. Be2 d6 11. O-O a6 12. Nc4 Nbd5 13. Bg3 Ne4 14. Rfc1 f5
15. Nfd2 Nxd2 16. Nxd2 Be6 17. Bf3 Kf7 18. Bxd5 Bxd5 19. Rc7 Rhc8 20. Bxd6 Rxc7
21. Bxc7 Rc8 22. Ba5 e5 23. Bc3 exd4 24. exd4 Rd8 25. Rd1 Be6 26. Re1 Bxd4 27.
Bxd4 Rxd4 28. Nf3 Rd6 29. Ng5+ Kf6 30. Nxh7+ Kg7 31. Ng5 Bxb3 32. h4 Rb6 33. f3
Bc4 34. Re7+ Kf8 35. Rc7 Ba2 36. Rc2 Rb4 37. g3 a5 38. Kf2 a4 39. Ke3 Bd5 40.
Rc7 Ke8 41. Rc2 Kd7 42. Nh7 Rb3+ 43. Kd4 Bxf3 44. Nf8+ Kd6 45. Nxg6 Be4 46. Rh2
Rb4+ 47. Ke3 Rb3+ 48. Kf4 Rf3+ 49. Kg5 Rxg3+ 50. Kf6 Rg4 51. h5 f4 52. Ne5 Rg1
53. h6 f3 54. Nc4+ Kd5 55. Nd2 f2 56. Rxf2 Rg6+ 57. Kf7 Rxh6 58. Rf4 Re6 59. b3
a3 60. Nc4 a2 61. Ne3+ Kd6 62. Nc4+ Kd7 63. Rf1 Bg6+ 0-1

[Event "Chigorin Memorial"]
[Site "St Petersburg"]
[Date "2015.10.03"]
[Round "1.76"]
[White "Shevchenko, Kirill"]
[Black "Kuryshev, Ivan"]
[Result "1-0"]
[WhiteElo "2359"]
[BlackElo "1989"]
[PlyCount "77"]
[EventDate "2015.10.03"]
[EventType "swiss"]
[EventRounds "9"]
[EventCountry "RUS"]

1. e4 e5 2. Nf3 Nc6 3. Bb5 a6 4. Ba4 Nf6 5. O-O Be7 6. d3 d6 7. c3 Bd7 8. Re1
O-O 9. Nbd2 Re8 10. Nf1 h6 11. Ng3 Bf8 12. d4 g6 13. h3 Bg7 14. Bb3 Na5 15. Bc2
c5 16. d5 b6 17. Qe2 Bb5 18. Bd3 Bxd3 19. Qxd3 b5 20. b3 Qc7 21. Qc2 Nd7 22.
Be3 Rf8 23. h4 h5 24. Ng5 Nb7 25. a4 Nb6 26. Qe2 bxa4 27. bxa4 Na5 28. Nxh5
gxh5 29. Qxh5 Rfc8 30. Qh7+ Kf8 31. h5 Nbc4 32. h6 Bf6 33. Qf5 Ke7 34. Nh7 Bh8
35. Bg5+ Ke8 36. Nf6+ Kf8 37. Qh7 Ke7 38. Ne8+ Kxe8 39. Qg8+ 1-0

[Event "Chigorin Memorial"]
[Site "St Petersburg"]
[Date "2015.10.03"]
[Round "1.77"]
[White "Bubnov, Kirill"]
[Black "Akkozov, Berik"]
[Result "0-1"]
[WhiteElo "1988"]
[BlackElo "2356"]
[PlyCount "74"]
[EventDate "2015.10.03"]
[EventType "swiss"]
[EventRounds "9"]
[EventCountry "RUS"]

1. d4 d5 2. c4 c6 3. Nc3 Nf6 4. Nf3 a6 5. c5 g6 6. Bf4 Bg7 7. h3 O-O 8. e3 Nbd7
9. Be2 Ne4 10. Qc2 e5 11. Nxe4 exf4 12. Nc3 fxe3 13. fxe3 Re8 14. e4 dxe4 15.
Nxe4 Bxd4 16. Nd6 Rf8 17. Nxc8 Rxc8 18. O-O-O Bg7 19. h4 Qe7 20. Rhe1 Nxc5 21.
Kb1 Qf6 22. g4 Na4 23. Rd2 Rcd8 24. Red1 Rxd2 25. Rxd2 Qf4 26. Qc1 Qe4+ 27. Qc2
Qf4 28. Qc1 Qxg4 29. Bd1 Qb4 30. a3 Qe4+ 31. Ka2 Bh6 32. Ng5 Qxh4 33. Rg2 Qd4
34. Rh2 Qd5+ 35. Bb3 Qxg5 36. Qh1 Qc1 37. Qf3 Nc5 0-1

[Event "Chigorin Memorial"]
[Site "St Petersburg"]
[Date "2015.10.03"]
[Round "1.78"]
[White "Derakhshani, Dorsa"]
[Black "Khmelev, Mikhail"]
[Result "1-0"]
[WhiteElo "2356"]
[BlackElo "1988"]
[PlyCount "167"]
[EventDate "2015.10.03"]
[EventType "swiss"]
[EventRounds "9"]
[EventCountry "RUS"]

1. e4 c5 2. Nf3 Nc6 3. d4 cxd4 4. Nxd4 e5 5. Nb5 d6 6. c4 Be7 7. N1c3 a6 8. Na3
f5 9. exf5 Bxf5 10. Bd3 Be6 11. O-O Nf6 12. Nc2 O-O 13. b3 Rc8 14. Qe2 Kh8 15.
Bb2 Qe8 16. f4 Bg4 17. Qe1 Bd8 18. Nd5 e4 19. Be2 Bxe2 20. Qxe2 Nxd5 21. cxd5
Ne7 22. Qxe4 Nxd5 23. Qxd5 Rxc2 24. Bd4 Qc6 25. Qxc6 bxc6 26. g3 c5 27. Rf2
Rxf2 28. Bxf2 Re8 29. Rd1 Bc7 30. Rd2 Kg8 31. Kg2 Kf7 32. Kf3 g6 33. g4 a5 34.
a4 Kf6 35. Bh4+ Kf7 36. Bg3 Rb8 37. Rd3 Rb4 38. Be1 Rb8 39. Bd2 Re8 40. h4 Kf6
41. Bc3+ Kf7 42. h5 Rb8 43. Be1 Re8 44. Bf2 Kf6 45. Bh4+ Kf7 46. h6 Re6 47. Rd5
Re8 48. f5 Rb8 49. Rd3 gxf5 50. gxf5 Rb4 51. Bg5 Rb8 52. Re3 Bd8 53. Bxd8 Rxd8
54. Re6 d5 55. Rc6 d4 56. Rxc5 d3 57. Rc1 Kf6 58. Ke4 d2 59. Rd1 Kg5 60. Ke3
Kxf5 61. Rxd2 Re8+ 62. Kf3 Re5 63. Rd6 Rc5 64. Rb6 Rc3+ 65. Ke2 Rh3 66. Kd2 Ke4
67. Kc2 Kd4 68. Kb2 Rh5 69. Ra6 Rh2+ 70. Ka3 Rh5 71. Ra7 Rxh6 72. Rxa5 Rh1 73.
Kb4 h5 74. Ra6 h4 75. Rh6 Kd5 76. Kb5 h3 77. b4 h2 78. a5 Kd4 79. Ka6 Kc4 80.
b5 Kb4 81. b6 Ra1 82. Rh4+ Kc5 83. Rxh2 Kc6 84. Rc2+ 1-0

[Event "Chigorin Memorial"]
[Site "St Petersburg"]
[Date "2015.10.03"]
[Round "1.79"]
[White "Tskhadadze, Anna"]
[Black "Musaev, Rasul"]
[Result "0-1"]
[WhiteElo "1988"]
[BlackElo "2351"]
[PlyCount "122"]
[EventDate "2015.10.03"]
[EventType "swiss"]
[EventRounds "9"]
[EventCountry "RUS"]

1. c4 Nf6 2. g3 g6 3. Bg2 Bg7 4. Nc3 O-O 5. d3 Nc6 6. e4 d6 7. Nge2 e5 8. O-O
a6 9. h3 Rb8 10. a4 Nd7 11. Be3 Nd4 12. f4 f5 13. Rb1 Nc5 14. b4 Nce6 15. Qd2
Bd7 16. fxe5 dxe5 17. Rf2 c6 18. a5 Qe7 19. c5 Rf7 20. Rbf1 Rbf8 21. Bxd4 exd4
22. Na4 Nc7 23. Nb6 fxe4 24. Rxf7 Rxf7 25. Rxf7 Qxf7 26. dxe4 Nb5 27. Nxd7 Qxd7
28. Nf4 Qf7 29. Nd3 Nc3 30. Kh2 Qc4 31. e5 Qe6 32. Qf4 Nb5 33. h4 Qc4 34. Qf1
Nc7 35. Qe2 Bh6 36. Qg4 Ne6 37. h5 Nf8 38. hxg6 hxg6 39. Qe4 Be3 40. g4 Kg7 41.
Qf3 Nh7 42. Qf1 Qe6 43. Kg3 Ng5 44. Bh1 Nf7 45. Qf3 Ng5 46. Qf1 Qe7 47. Bg2 Ne6
48. Qf3 Qg5 49. Qf1 Bf4+ 50. Nxf4 Qxe5 51. Qf3 g5 52. Qe4 Qxf4+ 53. Qxf4 Nxf4
54. Be4 Kf6 55. Kf2 Ke5 56. Bh7 Nd5 57. Bf5 Nxb4 58. Ke2 Kd5 59. Bc8 Kxc5 60.
Bxb7 Kb5 61. Bc8 Kxa5 0-1

[Event "Chigorin Memorial"]
[Site "St Petersburg"]
[Date "2015.10.03"]
[Round "1.80"]
[White "Bivol, Alina"]
[Black "Privorotsky, Oleg"]
[Result "1-0"]
[WhiteElo "2350"]
[BlackElo "1985"]
[PlyCount "73"]
[EventDate "2015.10.03"]
[EventType "swiss"]
[EventRounds "9"]
[EventCountry "RUS"]

1. Nf3 d5 2. g3 Nf6 3. Bg2 c6 4. O-O Bg4 5. d3 Nbd7 6. h3 Bh5 7. Qe1 e5 8. e4
Bxf3 9. Bxf3 Bd6 10. exd5 cxd5 11. Nc3 Nb6 12. a4 Rc8 13. a5 Nbd7 14. Nxd5 O-O
15. Ne3 Qc7 16. Nf5 Bc5 17. Be3 Rfe8 18. Qd2 e4 19. dxe4 Ne5 20. Qe2 Bxe3 21.
Nxe3 Nxf3+ 22. Qxf3 Nxe4 23. Rad1 Qe5 24. Kg2 Rc6 25. Rd5 Qe6 26. c3 h6 27. Qf5
Qxf5 28. Nxf5 Nf6 29. Rb5 b6 30. Ra1 Rc5 31. Rxc5 bxc5 32. a6 Re2 33. b4 cxb4
34. cxb4 Rb2 35. Ne7+ Kf8 36. Nc6 Ne4 37. Nxa7 1-0

[Event "Chigorin Memorial"]
[Site "St Petersburg"]
[Date "2015.10.03"]
[Round "1.81"]
[White "Stepanov, Andrey"]
[Black "Yandarbiev, Ruslan"]
[Result "0-1"]
[WhiteElo "1980"]
[BlackElo "2344"]
[PlyCount "102"]
[EventDate "2015.10.03"]
[EventType "swiss"]
[EventRounds "9"]
[EventCountry "RUS"]

1. e4 c5 2. Nf3 d6 3. d4 Nf6 4. Nc3 cxd4 5. Nxd4 a6 6. Bg5 e6 7. f4 Qb6 8. Qd2
Qxb2 9. Nb3 Nbd7 10. Bxf6 gxf6 11. Be2 Qa3 12. O-O h5 13. Kh1 Qb4 14. a3 Qb6
15. Rab1 Qc7 16. Nd4 Nc5 17. Bf3 h4 18. h3 Qa5 19. Nb3 Qxa3 20. Nxc5 Qxc5 21.
Na4 Qc7 22. Nb6 Rb8 23. f5 Be7 24. Qd3 Bd7 25. c4 Qc5 26. fxe6 Bxe6 27. Rfd1
Rg8 28. Rb2 Rg3 29. Qe2 Qe5 30. Rdb1 f5 31. exf5 Bxf5 32. Re1 Be6 33. Bd5 Bf6
34. Rbb1 Qxe2 35. Rxe2 Ke7 36. Bxb7 Be5 37. Bxa6 Ra3 38. Nd5+ Bxd5 39. Rxe5+
dxe5 40. Rxb8 Bxg2+ 41. Kxg2 Rxa6 42. Rh8 Ra2+ 43. Kf3 f5 44. Rxh4 Ra3+ 45. Ke2
Kf6 46. c5 Rc3 47. Rb4 Rxc5 48. h4 f4 49. h5 Kg5 50. Kf3 Rc3+ 51. Ke4 Re3+ 0-1

[Event "Chigorin Memorial"]
[Site "St Petersburg"]
[Date "2015.10.03"]
[Round "1.82"]
[White "Yeletsky, Ivan"]
[Black "Permin, Viktor"]
[Result "1-0"]
[WhiteElo "2342"]
[BlackElo "1978"]
[PlyCount "113"]
[EventDate "2015.10.03"]
[EventType "swiss"]
[EventRounds "9"]
[EventCountry "RUS"]

1. d4 d5 2. c4 e6 3. Nc3 c6 4. Nf3 f5 5. Bf4 Nf6 6. e3 Be7 7. h3 O-O 8. Bd3 Bd7
9. O-O Ne4 10. Qb3 Qb6 11. c5 Qxb3 12. axb3 Nxc3 13. bxc3 Rc8 14. g4 fxg4 15.
hxg4 Be8 16. Kg2 Nd7 17. Rh1 Nf8 18. Ne5 Bf6 19. Rh3 g6 20. g5 Bg7 21. Ng4 Rd8
22. b4 b5 23. Ra6 Bd7 24. Be5 Bxe5 25. Nxe5 Rdc8 26. Ng4 e5 27. Nf6+ Kg7 28.
Rh6 e4 29. Be2 Be6 30. Kg3 Bg8 31. Bg4 Rc7 32. f3 exf3 33. Kxf3 Kh8 34. Ke2 Rd8
35. e4 dxe4 36. Nxg8 Kxg8 37. Rh1 Rd5 38. Ke3 Rxg5 39. Kf4 Rd5 40. Kxe4 Re7+
41. Kd3 Rg5 42. Bf3 Rg3 43. Rf1 h5 44. Rxc6 h4 45. Kd2 h3 46. Bd5+ Kg7 47. Rcf6
Nh7 48. Rf7+ Rxf7 49. Rxf7+ Kh6 50. Rf1 h2 51. c6 Rg1 52. Rf2 h1=Q 53. Bxh1
Rxh1 54. c7 Ng5 55. c8=Q Ne4+ 56. Ke2 Nxf2 57. Kxf2 1-0

[Event "Chigorin Memorial"]
[Site "St Petersburg"]
[Date "2015.10.03"]
[Round "1.83"]
[White "Yakimenko, Viktoria"]
[Black "Karasev, Vladimir I"]
[Result "0-1"]
[WhiteElo "1974"]
[BlackElo "2341"]
[PlyCount "80"]
[EventDate "2015.10.03"]
[EventType "swiss"]
[EventRounds "9"]
[EventCountry "RUS"]

1. e4 c5 2. Nf3 e6 3. d4 cxd4 4. Nxd4 Qb6 5. Nb3 Qc7 6. Bd3 Nf6 7. Qe2 d6 8.
O-O Nbd7 9. f4 a6 10. c4 b6 11. Nc3 Bb7 12. Bd2 Be7 13. Rac1 O-O 14. Kh1 Rfe8
15. Be1 Rac8 16. Bg3 g6 17. h3 Nh5 18. Bh2 Nc5 19. Nxc5 bxc5 20. Rcd1 Rcd8 21.
Bb1 Bh4 22. Qg4 Bf6 23. Rd3 Bd4 24. Qd1 f5 25. exf5 exf5 26. b3 Nf6 27. Bg1
Bxc3 28. Rxc3 Be4 29. Bxe4 Nxe4 30. Rd3 Qa5 31. Qc2 h5 32. Kh2 Re6 33. Be3 Rde8
34. Bc1 h4 35. Rfd1 Ng3 36. Rxd6 Rxd6 37. Rxd6 Re1 38. Rxg6+ Kf7 39. Rxg3 Rh1+
40. Kxh1 Qe1+ 0-1

[Event "Chigorin Memorial"]
[Site "St Petersburg"]
[Date "2015.10.03"]
[Round "1.84"]
[White "Zakaryan, David"]
[Black "Yakovlev, Yuri S"]
[Result "1-0"]
[WhiteElo "2335"]
[BlackElo "1971"]
[PlyCount "55"]
[EventDate "2015.10.03"]
[EventType "swiss"]
[EventRounds "9"]
[EventCountry "RUS"]

1. Nf3 c5 2. g3 b5 3. Bg2 Bb7 4. O-O e6 5. d3 Be7 6. Nbd2 h5 7. h4 Nf6 8. e4 d6
9. Re1 Nbd7 10. c3 Ng4 11. Nf1 Ndf6 12. Ng5 Nd7 13. Bh3 Bxg5 14. Bxg5 f6 15.
Bc1 f5 16. f3 Nge5 17. d4 cxd4 18. cxd4 Qb6 19. Be3 Nxf3+ 20. Qxf3 Bxe4 21. Qf4
d5 22. Nd2 Nf6 23. Rac1 O-O 24. Rc7 Rf7 25. Rxf7 Kxf7 26. Rc1 Ne8 27. Nxe4 dxe4
28. d5 1-0

[Event "Chigorin Memorial"]
[Site "St Petersburg"]
[Date "2015.10.03"]
[Round "1.85"]
[White "Skafar, Darya"]
[Black "Kenneskog, Theodor"]
[Result "0-1"]
[WhiteElo "1961"]
[BlackElo "2334"]
[PlyCount "82"]
[EventDate "2015.10.03"]
[EventType "swiss"]
[EventRounds "9"]
[EventCountry "RUS"]

1. e4 c5 2. Nf3 d6 3. Bb5+ Nd7 4. d4 cxd4 5. Qxd4 a6 6. Bxd7+ Bxd7 7. c4 Rc8 8.
Nc3 Qc7 9. b3 e5 10. Qe3 Nf6 11. Bb2 b5 12. cxb5 axb5 13. O-O Be7 14. Rfd1 O-O
15. h3 Qb7 16. Ne1 b4 17. Nd5 Nxd5 18. exd5 Rc5 19. Bxe5 Re8 20. Bg3 Bf6 21.
Qd2 Bxa1 22. Rxa1 Rxd5 23. Qf4 Bf5 24. Nf3 h6 25. Kh2 Qb6 26. Qc4 Qc5 27. Qa6
Bc8 28. Qa4 Rd8 29. Bh4 g5 30. Bg3 Bb7 31. Re1 Bc6 32. Qa6 Ra8 33. Qf1 Rxa2 34.
Rc1 Rc2 35. Ra1 Rf5 36. Qd1 Bxf3 37. gxf3 Rxf2+ 38. Bxf2 Qxf2+ 39. Kh1 Qxf3+
40. Kh2 Qxd1 41. Rxd1 Rf3 0-1

[Event "Chigorin Memorial"]
[Site "St Petersburg"]
[Date "2015.10.03"]
[Round "1.86"]
[White "Savitskiy, Sergey"]
[Black "Kunin, Pavel"]
[Result "1-0"]
[WhiteElo "2333"]
[BlackElo "1957"]
[PlyCount "63"]
[EventDate "2015.10.03"]
[EventType "swiss"]
[EventRounds "9"]
[EventCountry "RUS"]

1. e4 Nf6 2. e5 Nd5 3. d4 d6 4. c4 Nb6 5. exd6 cxd6 6. Nc3 g6 7. Be3 Bg7 8. Rc1
O-O 9. Be2 Nc6 10. Nf3 Bg4 11. b3 e5 12. dxe5 dxe5 13. h3 Bxf3 14. Bxf3 f5 15.
Qxd8 Raxd8 16. c5 e4 17. Bxe4 fxe4 18. cxb6 Nb4 19. Ke2 Nd3 20. bxa7 Nxc1+ 21.
Rxc1 Rc8 22. Nb5 Be5 23. Rc5 Rfe8 24. a4 Rxc5 25. Bxc5 Kg7 26. Nd6 Ra8 27. Nc4
Bc7 28. a5 Kf6 29. Ke3 Re8 30. Bb6 Be5 31. Nxe5 Kxe5 32. Bc7+ 1-0

[Event "Chigorin Memorial"]
[Site "St Petersburg"]
[Date "2015.10.03"]
[Round "1.87"]
[White "Sheynin, Izrail"]
[Black "Nigmatov, Ortik"]
[Result "0-1"]
[WhiteElo "1957"]
[BlackElo "2330"]
[PlyCount "124"]
[EventDate "2015.10.03"]
[EventType "swiss"]
[EventRounds "9"]
[EventCountry "RUS"]

1. e4 c5 2. Nf3 d6 3. d4 cxd4 4. Nxd4 Nf6 5. Nc3 e6 6. Be3 Be7 7. Be2 O-O 8.
O-O Nc6 9. f4 e5 10. Nxc6 bxc6 11. fxe5 dxe5 12. Qxd8 Rxd8 13. Rad1 Be6 14.
Rxd8+ Bxd8 15. Rd1 Bc7 16. h3 Rb8 17. b3 Ba5 18. Na4 Nxe4 19. Bxa7 Ra8 20. Be3
Ng3 21. Kf2 Nxe2 22. Kxe2 f5 23. Rd6 Bd5 24. g3 Re8 25. Bb6 Bb4 26. Bc5 Bxc5
27. Nxc5 f4 28. c4 Bg2 29. gxf4 exf4+ 30. Re6 Rd8 31. h4 Bh3 32. Re4 Bg4+ 33.
Ke1 Rd1+ 34. Kf2 Rd2+ 35. Ke1 Rd1+ 36. Kf2 Rd2+ 37. Ke1 Rxa2 38. Rxf4 h5 39.
Nd3 Re2+ 40. Kf1 Re3 41. Nb4 Bd7 42. Rd4 Rxb3 43. Rxd7 Rxb4 44. Rd4 Kf7 45. Kf2
Ke6 46. Ke3 Rb1 47. c5 Ke5 48. Rd6 Rb3+ 49. Kf2 Rh3 50. Rxc6 Kf5 51. Rd6 Rxh4
52. c6 Rc4 53. Rd7 g5 54. c7 Rc2+ 55. Ke3 h4 56. Kd3 Rc1 57. Kd2 Rc6 58. Rh7
Kg4 59. Ke3 Kg3 60. Ke2 g4 61. Re7 h3 62. Rh7 Kg2 0-1

[Event "Chigorin Memorial"]
[Site "St Petersburg"]
[Date "2015.10.03"]
[Round "1.88"]
[White "Nechaev, Oleg"]
[Black "Kamnev, Alexander"]
[Result "1-0"]
[WhiteElo "2330"]
[BlackElo "1951"]
[PlyCount "83"]
[EventDate "2015.10.03"]
[EventType "swiss"]
[EventRounds "9"]
[EventCountry "RUS"]

1. Nf3 Nf6 2. g3 e6 3. Bg2 d5 4. O-O Be7 5. c4 O-O 6. b3 c5 7. Bb2 Nc6 8. cxd5
Nxd5 9. d4 cxd4 10. Nxd4 Bf6 11. Nxc6 bxc6 12. Bxf6 Qxf6 13. Na3 Ba6 14. Qc2
Rac8 15. Nc4 Rfd8 16. Rac1 Nb4 17. Qb1 Nd5 18. Rfe1 c5 19. Na5 Qd4 20. Nc4 Bxc4
21. Rxc4 Qd2 22. Rc2 Qb4 23. Rec1 Nb6 24. Bb7 Rc7 25. Ba6 Qa3 26. Bd3 a5 27.
Bxh7+ Kf8 28. Bd3 Nd5 29. Qb2 Qxb2 30. Rxb2 Nb4 31. Be4 f5 32. Bf3 e5 33. a3 e4
34. axb4 exf3 35. bxa5 Ra8 36. b4 Rb8 37. exf3 Rb5 38. Rbc2 Rxb4 39. Rxc5 Rf7
40. Rc8+ Ke7 41. R8c7+ Ke8 42. Re1+ 1-0

[Event "Chigorin Memorial"]
[Site "St Petersburg"]
[Date "2015.10.03"]
[Round "1.89"]
[White "Toporkova, Sofia"]
[Black "Sichinava, Zviad"]
[Result "0-1"]
[WhiteElo "1950"]
[BlackElo "2329"]
[PlyCount "80"]
[EventDate "2015.10.03"]
[EventType "swiss"]
[EventRounds "9"]
[EventCountry "RUS"]

1. d4 Nf6 2. Nf3 c5 3. g3 cxd4 4. Nxd4 d5 5. Bg2 e5 6. Nb3 Nc6 7. Bg5 Be6 8.
O-O Be7 9. Nc3 d4 10. Bxf6 gxf6 11. Ne4 Bd5 12. e3 f5 13. Ned2 Bxg2 14. Kxg2
Qd5+ 15. Kg1 O-O-O 16. Qh5 Qe6 17. Rfe1 dxe3 18. fxe3 Rhg8 19. Re2 h6 20. Rf1
Rg5 21. Qh3 Bd6 22. e4 f4 23. Qxe6+ fxe6 24. Rg2 Rdg8 25. Rf3 h5 26. Rd3 Bc7
27. Nf3 Rg4 28. Nh4 Bd8 29. h3 R4g7 30. Nf3 Rxg3 31. Ne1 Bb6+ 32. Kf1 Be3 33.
c3 Ne7 34. h4 Kc7 35. Na5 b5 36. c4 Bb6 37. Rgxg3 fxg3 38. Nb3 bxc4 39. Rc3 Kd6
40. Nd2 Rf8+ {unreadable} 0-1

[Event "Chigorin Memorial"]
[Site "St Petersburg"]
[Date "2015.10.03"]
[Round "1.90"]
[White "Ovod, Evgenija"]
[Black "Petrochenko, Maria"]
[Result "1-0"]
[WhiteElo "2328"]
[BlackElo "1947"]
[PlyCount "95"]
[EventDate "2015.10.03"]
[EventType "swiss"]
[EventRounds "9"]
[EventCountry "RUS"]

1. c4 c6 2. Nf3 d5 3. e3 Nf6 4. Nc3 e6 5. b3 Bd6 6. Bb2 Nbd7 7. Qc2 e5 8. cxd5
cxd5 9. Nb5 Bb8 10. Rc1 O-O 11. Nc7 Bxc7 12. Qxc7 Qxc7 13. Rxc7 Ne8 14. Rc2 f6
15. a4 Nb6 16. a5 Bf5 17. Rc5 Nd7 18. Rxd5 Nc7 19. Rd6 Ne8 20. Bc4+ Kh8 21.
Rxd7 Bxd7 22. Ba3 Rg8 23. d4 e4 24. Nd2 f5 25. g4 g6 26. Bxg8 Kxg8 27. gxf5
gxf5 28. f3 Nf6 29. Rg1+ Kf7 30. Nc4 Ke6 31. fxe4 fxe4 32. Rg5 Bc6 33. Re5+ Kf7
34. Re7+ Kg8 35. a6 b5 36. Nd6 b4 37. Bxb4 Nd5 38. Rb7 Bxb7 39. axb7 Rb8 40.
Bc5 Nb6 41. Kf2 Kg7 42. Kg3 Kg6 43. Kf4 Kh5 44. Bxb6 axb6 45. Kxe4 Kg4 46. Kd5
h5 47. e4 Kh3 48. e5 1-0

[Event "Chigorin Memorial"]
[Site "St Petersburg"]
[Date "2015.10.03"]
[Round "1.91"]
[White "Machlik, Edit"]
[Black "Rybaizen, Boris"]
[Result "1/2-1/2"]
[WhiteElo "1946"]
[BlackElo "2324"]
[PlyCount "87"]
[EventDate "2015.10.03"]
[EventType "swiss"]
[EventRounds "9"]
[EventCountry "RUS"]

1. d4 d5 2. c4 e6 3. Nc3 c6 4. Nf3 Nd7 5. e4 dxe4 6. Nxe4 Ngf6 7. Nc3 Be7 8.
Bd3 O-O 9. O-O b6 10. Bc2 Bb7 11. Qd3 c5 12. Ng5 cxd4 13. Qxd4 h6 14. Nge4 Nxe4
15. Bxe4 Bxe4 16. Qxe4 Nf6 17. Qe2 Rc8 18. Rd1 Qc7 19. b3 Rfd8 20. Be3 Qb7 21.
Rxd8+ Rxd8 22. Rd1 Rxd1+ 23. Qxd1 Qd7 24. Qxd7 Nxd7 25. Nb5 a5 26. Nc3 Nc5 27.
Kf1 Kf8 28. Ke2 Ke8 29. Bd4 f6 30. Kd2 Kd7 31. Kc2 Kc6 32. a3 e5 33. Be3 Ne6
34. Nb5 f5 35. f3 g5 36. Bd2 h5 37. b4 axb4 38. axb4 g4 39. Kd3 gxf3 40. gxf3
Bg5 41. Bxg5 Nxg5 42. Ke3 Ne6 43. Nc3 Nf4 44. Ne2 1/2-1/2

[Event "Chigorin Memorial"]
[Site "St Petersburg"]
[Date "2015.10.03"]
[Round "1.92"]
[White "Biriukov, Oleg V"]
[Black "Popov, Alexei"]
[Result "1-0"]
[WhiteElo "2323"]
[BlackElo "1942"]
[PlyCount "59"]
[EventDate "2015.10.03"]
[EventType "swiss"]
[EventRounds "9"]
[EventCountry "RUS"]

1. d4 d5 2. c4 Nc6 3. Nc3 Nf6 4. cxd5 Nxd5 5. Nf3 Bg4 6. e4 Nxc3 7. bxc3 e5 8.
d5 Ne7 9. Rb1 Qc8 10. Qa4+ Bd7 11. Qb3 Ng6 12. Qxb7 Bc5 13. Qxc8+ Rxc8 14. Ba6
Rd8 15. Be3 Bb6 16. O-O O-O 17. c4 Bxe3 18. fxe3 Rb8 19. c5 c6 20. Rb7 Rfd8 21.
Rxa7 Ra8 22. Rxa8 Rxa8 23. Bb7 Rxa2 24. dxc6 Be6 25. c7 Rc2 26. Ng5 Bg4 27. Bd5
Nh4 28. Bxf7+ Kh8 29. Be6 Rxg2+ 30. Kh1 1-0

[Event "Chigorin Memorial"]
[Site "St Petersburg"]
[Date "2015.10.03"]
[Round "1.93"]
[White "Nazarova, Anastasia"]
[Black "Sedina, Elena"]
[Result "0-1"]
[WhiteElo "1941"]
[BlackElo "2322"]
[PlyCount "116"]
[EventDate "2015.10.03"]
[EventType "swiss"]
[EventRounds "9"]
[EventCountry "RUS"]

1. e4 e6 2. d4 d5 3. Nd2 c5 4. dxc5 Bxc5 5. Nb3 Bd6 6. exd5 exd5 7. Bd3 Nc6 8.
c3 Nge7 9. Ne2 Qc7 10. Nbd4 a6 11. h3 O-O 12. O-O Bd7 13. Qc2 f5 14. Bg5 h6 15.
Bxe7 Nxe7 16. Rfe1 Rae8 17. Rad1 Kh8 18. Nc1 Qc8 19. Nf3 Ng6 20. Rxe8 Rxe8 21.
Bf1 Ne5 22. Nd4 f4 23. Nd3 Nc6 24. Nc1 Nxd4 25. Rxd4 f3 26. Qd2 fxg2 27. Bxg2
Bxh3 28. Bxd5 Re5 29. Rh4 Kh7 30. Be4+ Rxe4 31. Rxe4 Qf5 32. Qxd6 Qxe4 33. Qd3
Bf5 34. Qxe4 Bxe4 35. Kh2 g5 36. Kg3 h5 37. Nb3 Bd5 38. Nc5 Kg6 39. a4 Kf5 40.
a5 h4+ 41. Kh2 g4 42. b3 Ke5 43. c4 Kd4 44. Nd7 Bc6 45. Nf8 Kc3 46. Ng6 Kxb3
47. Nxh4 Kxc4 48. Kg3 Bd7 49. Ng6 Kb4 50. Ne5 Bc8 51. Nxg4 Kxa5 52. Ne5 Kb4 53.
Kf3 a5 54. Ke2 Kc3 55. Kd1 a4 56. Kc1 Bf5 57. Nf7 a3 58. Nd6 Bd3 0-1

[Event "Chigorin Memorial"]
[Site "St Petersburg"]
[Date "2015.10.03"]
[Round "1.94"]
[White "Timerkhanov, Alexander"]
[Black "Babanin, Gleb"]
[Result "1-0"]
[WhiteElo "2321"]
[BlackElo "1941"]
[PlyCount "85"]
[EventDate "2015.10.03"]
[EventType "swiss"]
[EventRounds "9"]
[EventCountry "RUS"]

1. d4 Nf6 2. Bg5 Ne4 3. Bf4 d5 4. e3 Bf5 5. Bd3 Bg6 6. Nf3 c6 7. O-O e6 8. Ne5
Nd6 9. Nxg6 hxg6 10. Nd2 Nd7 11. e4 Qf6 12. Bxd6 Bxd6 13. e5 Qf4 14. Nf3 Be7
15. h3 Kf8 16. Qe2 Kg8 17. Qe3 Qxe3 18. fxe3 Kh7 19. h4 Kg8 20. g3 Nf8 21. Kg2
f5 22. exf6 gxf6 23. e4 dxe4 24. Bxe4 Rd8 25. Rad1 f5 26. Bd3 Bf6 27. Bc4 Rh7
28. Rfe1 Re7 29. c3 Kf7 30. Rd2 b5 31. Bb3 c5 32. Ne5+ Bxe5 33. Rxe5 c4 34. Bd1
a6 35. Bf3 Rd6 36. Rde2 Nd7 37. R5e3 Kf6 38. g4 Nb6 39. Kg3 Rd8 40. g5+ Kf7 41.
h5 Rd6 42. h6 Ke8 43. Rxe6 1-0

[Event "Chigorin Memorial"]
[Site "St Petersburg"]
[Date "2015.10.03"]
[Round "1.95"]
[White "Dushin, Nikolay"]
[Black "Schekachikhin, Maksim"]
[Result "0-1"]
[WhiteElo "1936"]
[BlackElo "2320"]
[PlyCount "168"]
[EventDate "2015.10.03"]
[EventType "swiss"]
[EventRounds "9"]
[EventCountry "RUS"]

1. c4 Nf6 2. Nc3 c5 3. g3 e6 4. Nf3 b6 5. Bg2 Bb7 6. O-O Be7 7. b3 O-O 8. Bb2
a6 9. d4 cxd4 10. Nxd4 Bxg2 11. Kxg2 Qc7 12. e3 d6 13. f4 Nbd7 14. Qf3 Rac8 15.
Rfd1 Rfe8 16. Rac1 Bf8 17. Ba3 Qb8 18. g4 g6 19. Nde2 b5 20. cxb5 axb5 21. Bb4
Nc5 22. Bxc5 Rxc5 23. g5 Nd7 24. Ne4 Rxc1 25. Rxc1 d5 26. Nf2 Qa7 27. Rc2 Bg7
28. Nd3 Qb7 29. Nd4 Qb6 30. Nc6 Bf8 31. Nce5 Nxe5 32. fxe5 Qd8 33. h4 Bg7 34.
Qf4 Re7 35. a4 bxa4 36. bxa4 Rc7 37. Rxc7 Qxc7 38. Qd4 h6 39. Kf3 hxg5 40. hxg5
Bf8 41. Nf2 Be7 42. Qf4 Qd8 43. Nh3 Kf8 44. Qh4 Ke8 45. Qf4 Qa8 46. Nf2 Qd8 47.
Ng4 Qa5 48. Nf2 Qe1 49. Ng4 Qh1+ 50. Kg3 Qe1+ 51. Kf3 Bb4 52. Nf2 Bc5 53. Ng4
Bb4 54. Nf2 Bc3 55. Kg2 Qe2 56. Kg1 Qe1+ 57. Kg2 Qd2 58. Kf3 Qc1 59. Kg2 Bd2
60. Kf3 Qf1 61. Qd4 Be1 62. Qb2 Qa6 63. Qb3 Kf8 64. Nd3 Ba5 65. Qb5 Qxb5 66.
axb5 Ke7 67. e4 d4 68. Ke2 Kd7 69. Nc5+ Kc8 70. Kd3 Bd8 71. Kxd4 Bxg5 72. Nd3
Kb7 73. Nf2 Kb6 74. Kc4 Bf4 75. Ng4 Bg5 76. Kb4 Be7+ 77. Kc4 Bf8 78. Nf2 Ba3
79. Ng4 g5 80. Nf2 Bc5 81. Ng4 Bg1 82. Nh6 Be3 83. Nxf7 g4 84. Nd8 g3 0-1

[Event "Chigorin Memorial"]
[Site "St Petersburg"]
[Date "2015.10.03"]
[Round "1.96"]
[White "Gurvich, Vitaly"]
[Black "Sakorenko, Adriana"]
[Result "1-0"]
[WhiteElo "2315"]
[BlackElo "1935"]
[PlyCount "115"]
[EventDate "2015.10.03"]
[EventType "swiss"]
[EventRounds "9"]
[EventCountry "RUS"]

1. d4 Nf6 2. c4 e6 3. Nf3 b6 4. g3 Bb7 5. Bg2 Be7 6. O-O O-O 7. d5 Na6 8. Nd4
e5 9. Nc2 d6 10. Nc3 Re8 11. b4 Nb8 12. a3 Nbd7 13. e4 Nf8 14. Qd3 a5 15. Be3
Qd7 16. h3 Ng6 17. Rfd1 Reb8 18. Rab1 Ba6 19. Rb2 axb4 20. axb4 Qd8 21. Ra1 Nd7
22. Rba2 Bb7 23. Nb5 Qc8 24. Na7 Qe8 25. Ra3 h6 26. Qd2 Ndf8 27. R1a2 Nh7 28.
Qc1 Bd8 29. Qa1 Ne7 30. c5 bxc5 31. bxc5 dxc5 32. Bxc5 Nc8 33. Nxc8 Rxa3 34.
Rxa3 Bxc8 35. Ne3 Nf6 36. Ra8 Rxa8 37. Qxa8 Bd7 38. Nc4 Kh7 39. Qa1 Ng8 40.
Qxe5 Qxe5 41. Nxe5 Be8 42. f4 f6 43. Nd3 g5 44. Kf2 gxf4 45. gxf4 Kg6 46. Ke3
Be7 47. Kd4 Kf7 48. Bf3 Bxc5+ 49. Kxc5 Ke7 50. Bg4 h5 51. Be6 Nh6 52. Nb4 Bd7
53. Nc6+ Ke8 54. Bxd7+ Kxd7 55. Nd4 Nf7 56. Nf5 Nd6 57. Nxd6 cxd6+ 58. Kb6 1-0